|
|
|
|
| LEADER |
00000naa2a2200000 4500 |
| 001 |
231860 |
| 005 |
20250712062927.0 |
| 035 |
|
|
|a (RuTPU)RU\TPU\book\252889
|
| 090 |
|
|
|a 231860
|
| 100 |
|
|
|a 20130206d2010 k y0engy50 ba
|
| 101 |
0 |
|
|a eng
|
| 102 |
|
|
|a RU
|
| 200 |
1 |
|
|a Physical-mechanical properties and the hydrogen absorption of irradiated by a pulsed electron beam zirconium alloy Zr-1% Nb
|f A. M. Lider [et al.]
|
| 320 |
|
|
|a References: 8 tit.
|
| 330 |
|
|
|a The research of physical and mechanical products` properties made of zirconium alloy Zr-1 % Nb, irradiated by pulsed electron beams (PEB), was carried out, the processes of hydrogen absorption by these structures were reviewed, the influence of hydrogen on the properties of the coatings was studied. Theoretical calculations of thermal fields during the pulse irradiation were carried out. The influence of powerful pulsed electron beams on the material provided, its layer in thickness of the path order of the electrons is very quickly heated to the temperature of phase transitions, so that according to our calculations the maximum surface temperature during irradiation is 3250 K, under these conditions structural changes may occur at the depth of 40 μm. At the end of the beam pulse the heated layer is rapidly cooled by heat conduction into the depth of the material, the maximum cooling rate (Vcc ~ 108 K/s) is achieved in the thin surface layer of 1 μm thickness. Hydrogenations of zirconium alloy were performed from the gas phase in Sieverts-type apparatus and by electrolysis charging. It was established that irradiation of the surface leads to decrease in hydrogen absorption of 2.5-3 times in the specimen as to compare to non-irradiated material, charged with hydrogen.
|
| 463 |
|
0 |
|0 (RuTPU)RU\TPU\book\229471
|y 978-5-94458-111-2
|t 16th International Symposium on High Current Electronics, Tomsk, 19-24 September 2010
|o proceedings
|f Tomsk Polytechnic University (TPU) ; eds. B. Kovalchuk , G. Remnev
|v P. 541-544
|d 2010
|p 628 p.
|
| 610 |
1 |
|
|a труды учёных ТПУ
|
| 701 |
|
1 |
|a Lider
|b A. M.
|c Physicist
|c Professor of Tomsk Polytechnic University, Doctor of Technical Sciences
|f 1976-2025
|g Andrey Markovich
|y Tomsk
|3 (RuTPU)RU\TPU\pers\30400
|9 14743
|
| 701 |
|
1 |
|a Chernov
|b I. P.
|c Doctor of Physical and Mathematical Sciences (DSc), Professor of the Department of General Physics of Tomsk Polytechnic University (TPU)
|f 1935-
|g Ivan Petrovich
|3 (RuTPU)RU\TPU\pers\30202
|9 14596
|
| 701 |
|
1 |
|a Cherdantsev
|b Yu. P.
|c Russian physicist
|c Professor of Tomsk Polytechnic University (TPU), Doctor of Physical and Mathematical Sciences (DSc)
|f 1954-
|g Yuriy Petrovich
|3 (RuTPU)RU\TPU\pers\30390
|
| 701 |
|
1 |
|a Pushilina
|b N. S.
|c physicist
|c associate Professor of Tomsk Polytechnic University, candidate of physico-mathematical Sciences
|f 1984-
|g Natalia Sergeevna
|y Tomsk
|3 (RuTPU)RU\TPU\pers\30838
|9 15085
|
| 701 |
|
1 |
|a Stepanova
|b O. M.
|c specialist in the field of nuclear physics
|c Senior researcher of Tomsk Polytechnic University, Candidate of physical and mathematical sciences
|f 1982-
|g Olga Mikhailovna
|3 (RuTPU)RU\TPU\pers\32673
|
| 701 |
|
1 |
|a Garanin
|b G. V.
|c physicist
|c Head of a laboratory at Tomsk Polytechnic University
|f 1976-
|g Georgy Viktorovich
|3 (RuTPU)RU\TPU\pers\30448
|
| 801 |
|
1 |
|a RU
|b 63413507
|c 20130206
|
| 801 |
|
2 |
|a RU
|b 63413507
|c 20151123
|g RCR
|
| 942 |
|
|
|c BK
|